000
00204 a2200097 4500
001
23156
100
_a
Rashid, H E
245
_a
East Pakistan
260
_a
_b
Sh. Glulam Ali
_c
1967
090
_c
15696
_d
15696
942
_a
NUST-CAE
_c
M
_c
6331
999
_c
258229
_d
258229